00483 2200193 4500001002100000005001500021035002000036008004100056245006800097100001400165250000600179260003300185300001100218084001400229082000800243650001400251990001200265990001200277INLIS00000000000038920240430020153 a0010-0424000365240430 0 ind 1 aA Series Of Funcitional Text's Let's Write Letters /cWulandari aWulandari a1 aBandung :bPakar Raya,c2015 a52 hlm a420 WUL a a420 4aNon Fiksi a0728617 a0728618